| 000 | 00472nam a2200181Ia 4500 | ||
|---|---|---|---|
| 008 | 170918s9999 xx 000 0 und d | ||
| 020 | _a451527321 | ||
| 050 | _bS977gu 1999 | ||
| 100 | _aSwift, Jonathan | ||
| 245 | _aGulliver's travels / | ||
| 245 | _cby Jonathan Swift ; with a new introduction by Leo Damrosch. | ||
| 260 | _aNew York : | ||
| 260 | _bSignet Classic, | ||
| 260 | _c1999 | ||
| 300 | _a311 pages : | ||
| 300 | _billustrations ; | ||
| 300 | _c17cm. | ||
| 999 |
_c343496 _d343496 |
||